[Event "Rated Blitz game"]
[Site "?"]
[Date "2021.04.24"]
[Round "?"]
[White "YahirAFC"]
[Black "Almalik25"]
[Result "0-1"]
[WhiteElo "2401"]
[BlackElo "2236"]
[PlyCount "86"]
[EventDate "2021.??.??"]
[EventType "blitz"]

1. e4 e5 2. Nf3 d5 3. exd5 e4 4. Ng1 Nf6 5. Nc3 Bb4 6. Bc4 O-O 7. Nge2 Bg4 8.
h3 Bh5 9. g4 Bg6 10. d3 Re8 11. Be3 c6 12. dxc6 Nxc6 13. dxe4 Qa5 14. a3 Bxc3+
15. Nxc3 Nxe4 16. O-O Nxc3 17. bxc3 Qxc3 18. Bb3 Rxe3 19. fxe3 Qxe3+ 20. Kg2
Be4+ 21. Kh2 Rd8 22. Qxd8+ Nxd8 23. Rae1 Qd2+ 24. Kg3 Qg2+ 25. Kf4 Bc6 26. Rd1
Qh2+ 27. Ke3 Qxh3+ 28. Ke2 Qxg4+ 29. Ke3 Qg5+ 30. Kd3 Ne6 31. Kc3 Qe5+ 32. Kd2
g6 33. Kc1 Qa1+ 34. Kd2 Qxa3 35. Rde1 Qb4+ 36. Kc1 a5 37. Bxe6 fxe6 38. Rxe6 a4
39. Re3 a3 40. Rb3 Qc5 41. Kb1 Bd5 42. Rd3 Qb5+ 43. Ka1 Qb2# {Normal} 0-1

[Event "Rated Blitz game"]
[Site "?"]
[Date "2021.04.24"]
[Round "?"]
[White "Soptik26"]
[Black "Rusert"]
[Result "1/2-1/2"]
[WhiteElo "2489"]
[BlackElo "2503"]
[PlyCount "111"]
[EventDate "2021.??.??"]
[EventType "blitz"]

1. e4 e5 2. Nf3 d5 3. exd5 e4 4. Qe2 Nf6 5. d3 Qxd5 6. dxe4 Qxe4 7. Be3 Nc6 8.
Nc3 Bb4 9. Qc4 Be6 10. Qxe4 Nxe4 11. O-O-O Nxc3 12. bxc3 Bxc3 13. Rd3 Bf6 14.
Nd4 Nxd4 15. Bxd4 Bxd4 16. Rxd4 Ke7 17. Kb2 Rhd8 18. Rh4 Rd1 19. Rxh7 g6 20. h4
Rad8 21. h5 gxh5 22. R7xh5 R8d2 23. f3 Rf2 24. Bd3 Rxh1 25. Rxh1 Rxg2 26. Rf1
Kf6 27. a3 Bf5 28. Kc3 Bxd3 29. Kxd3 b6 30. a4 c5 31. Re1 Rh2 32. Re8 Rh4 33.
c4 Rf4 34. Re3 Rd4+ 35. Kc3 Rd7 36. Re4 Re7 37. Rf4+ Kg5 38. Rg4+ Kf5 39. Kd3
Re1 40. a5 bxa5 41. Rh4 a4 42. Rh5+ Kf4 43. Rxc5 a3 44. Ra5 Kxf3 45. Rxa7 f5
46. Kd4 Rd1+ 47. Ke5 f4 48. Rxa3+ Kg4 49. c5 f3 50. Ra2 Kg3 51. c6 f2 52. Rxf2
Kxf2 53. c7 Rc1 54. Kd6 Ke3 55. Kd7 Rxc7+ 56. Kxc7 {Normal} 1/2-1/2

[Event "Rated Blitz game"]
[Site "?"]
[Date "2021.04.24"]
[Round "?"]
[White "nomdutilisate"]
[Black "Rusert"]
[Result "0-1"]
[WhiteElo "2304"]
[BlackElo "2487"]
[PlyCount "22"]
[EventDate "2021.??.??"]
[EventType "blitz"]

1. e4 e5 2. Nf3 d5 3. Nxe5 Bd6 4. d4 dxe4 5. Bc4 Bxe5 6. Qh5 Qxd4 7. Qxf7+ Kd8
8. O-O Qd7 9. Qf8+ Qe8 10. Rd1+ Bd7 11. Qf5 Kc8 {Normal} 0-1

[Event "Rated Blitz game"]
[Site "?"]
[Date "2021.04.24"]
[Round "?"]
[White "Itrak"]
[Black "Wolf_Girl2007"]
[Result "1-0"]
[WhiteElo "2408"]
[BlackElo "2434"]
[PlyCount "69"]
[EventDate "2021.??.??"]
[EventType "blitz"]

1. e4 e5 2. Nf3 d5 3. Nxe5 dxe4 4. d4 Nd7 5. Nc4 Ngf6 6. Bg5 Be7 7. Nc3 O-O 8.
Be2 Nb6 9. O-O Re8 10. Ne5 Bf5 11. Qd2 c5 12. Bb5 cxd4 13. Bxe8 Nxe8 14. Bxe7
Qxe7 15. Qxd4 Rd8 16. Qe3 Qxe5 17. Rad1 Rxd1 18. Rxd1 h6 19. Re1 Nc4 20. Qxa7
Nxb2 21. Ne2 Nd6 22. Qb8+ Kh7 23. Ng3 Bg6 24. h4 Nbc4 25. h5 Bxh5 26. Nxe4 Bg6
27. f3 Qd4+ 28. Kh2 Bxe4 29. fxe4 Nxe4 30. Qf4 Ncd6 31. Qe3 Qb2 32. c4 Qe5+ 33.
Kg1 Qh5 34. Qf3 f5 35. Qxh5 {Normal} 1-0

[Event "Rated Blitz tournament 5jwH4X6L"]
[Site "?"]
[Date "2021.04.24"]
[Round "?"]
[White "LudovicM59"]
[Black "lavilaine"]
[Result "1-0"]
[WhiteElo "2445"]
[BlackElo "2325"]
[PlyCount "78"]
[EventDate "2021.??.??"]
[EventType "blitz"]

1. e4 e5 2. Nf3 d5 3. d3 dxe4 4. dxe4 Qxd1+ 5. Kxd1 Nc6 6. Bb5 Bg4 7. Bxc6+
bxc6 8. Ke2 O-O-O 9. Be3 Bxf3+ 10. gxf3 Kb7 11. Nd2 f6 12. Nb3 g5 13. Na5+ Ka6
14. Nxc6 Rd6 15. Nb4+ Kb5 16. Nd5 c6 17. a4+ Ka6 18. Nb4+ Kb7 19. a5 a6 20. c3
Ne7 21. Nd3 Ng6 22. Nc5+ Kc8 23. Nxa6 Rd7 24. Rad1 Be7 25. Rxd7 Kxd7 26. Rd1+
Ke6 27. b4 Ra8 28. Nc7+ Kf7 29. Nxa8 Kg7 30. Rd7 Kh6 31. Nb6 Kh5 32. Nc8 Kh4
33. Nxe7 Kh3 34. Nxg6 Kg2 35. Rxh7 f5 36. exf5 c5 37. a6 cxb4 38. cxb4 g4 39.
a7 Kh1 {Normal} 1-0

[Event "Rated Blitz game"]
[Site "?"]
[Date "2021.04.24"]
[Round "?"]
[White "MaoTao"]
[Black "KamranShirazi"]
[Result "1-0"]
[WhiteElo "2519"]
[BlackElo "2494"]
[PlyCount "129"]
[EventDate "2021.??.??"]
[EventType "blitz"]

1. e4 e5 2. Nf3 d5 3. Nxe5 Bd6 4. d4 dxe4 5. Bc4 Bxe5 6. Qh5 Qe7 7. Qxe5 Qxe5
8. dxe5 Nc6 9. Bf4 Nd4 10. Na3 Be6 11. O-O-O Bxc4 12. Rxd4 Be6 13. Nb5 Rc8 14.
Nxa7 Ra8 15. Nb5 Rxa2 16. Nxc7+ Ke7 17. Kb1 Ra5 18. Rhd1 f5 19. Nxe6 Kxe6 20.
Rd6+ Kf7 21. Rd7+ Kg6 22. R1d6+ Kh5 23. Rxg7 Ra6 24. Rd8 Rg6 25. Rxg6 Kxg6 26.
Rb8 h5 27. Bd2 Kf7 28. e6+ Kxe6 29. Bc3 Rh6 30. Rxg8 f4 31. Rf8 f3 32. gxf3
exf3 33. Rxf3 Rg6 34. Rg3 Rh6 35. Rf3 h4 36. Kc1 Rh5 37. Kd2 Kd5 38. Re3 b5 39.
Re5+ Rxe5 40. Bxe5 Kxe5 41. Ke3 Kf5 42. Kf3 b4 43. c3 b3 44. h3 Ke5 45. Ke3 Kd5
46. f4 Kc4 47. Ke4 Kc5 48. f5 Kd6 49. Kf4 Kd5 50. Kg4 Ke4 51. f6 Kd3 52. f7 Kc2
53. f8=Q Kxb2 54. Qb4 Ka1 55. c4 Ka2 56. Qxb3+ Kxb3 57. c5 Kc4 58. c6 Kd5 59.
c7 Ke4 60. c8=Q Ke3 61. Qe6+ Kf2 62. Qe5 Kg2 63. Qe2+ Kh1 64. Kf3 Kg1 65. Qg2#
{Normal} 1-0

[Event "Rated Blitz game"]
[Site "?"]
[Date "2021.04.24"]
[Round "?"]
[White "ElGranFreezer03"]
[Black "pasha1984"]
[Result "0-1"]
[WhiteElo "2578"]
[BlackElo "2400"]
[PlyCount "46"]
[EventDate "2021.??.??"]
[EventType "blitz"]

1. e4 e5 2. Nf3 d5 3. exd5 e4 4. Qe2 Nf6 5. Nc3 Be7 6. Nxe4 Nxd5 7. d4 O-O 8.
Be3 Re8 9. O-O-O f5 10. Nc3 Nxc3 11. bxc3 f4 12. Qc4+ Kh8 13. Bxf4 Bg4 14. Ne5
Ba3+ 15. Kd2 Rxe5 16. Bxe5 Bxd1 17. Kxd1 Nc6 18. Bg3 Qg5 19. Bd3 Qc1+ 20. Ke2
Re8+ 21. Kf3 Qxh1 22. Qf7 Qd1+ 23. Kf4 Rf8 {Normal} 0-1

[Event "Rated Blitz game"]
[Site "?"]
[Date "2021.04.24"]
[Round "?"]
[White "herozero8"]
[Black "Gifroy"]
[Result "0-1"]
[WhiteElo "2401"]
[BlackElo "2439"]
[PlyCount "132"]
[EventDate "2021.??.??"]
[EventType "blitz"]

1. e4 e5 2. Nf3 d5 3. exd5 e4 4. Ng1 Qxd5 5. Nc3 Qe5 6. Bc4 Bf5 7. Qe2 Nc6 8.
b3 Bc5 9. Bb2 Bd4 10. f3 exf3 11. Nxf3 Qxe2+ 12. Bxe2 O-O-O 13. O-O-O Bf6 14.
Rhe1 Nb4 15. d3 Bxc3 16. Bxc3 Nxa2+ 17. Kb2 Nxc3 18. Kxc3 Nf6 19. Ne5 Be6 20.
Bf3 Rhe8 21. Ra1 a6 22. h3 Bd5 23. Kb2 Bxf3 24. gxf3 Re7 25. Ng4 Rxe1 26. Rxe1
Nd5 27. Re5 f6 28. Re1 b6 29. Nf2 Rd7 30. Ra1 Kb7 31. Re1 Re7 32. Rg1 g6 33.
Ne4 f5 34. Ng5 Re2 35. Nxh7 Nf4 36. Kc3 Rh2 37. Re1 Rxh3 38. Nf8 Rxf3 39. Re7
Nd5+ 40. Kc4 Nxe7 41. d4 Kc6 42. d5+ Kd6 43. Kd4 Rf4+ 44. Ke3 Rg4 45. Ne6 Nxd5+
46. Kd3 Kxe6 47. c4 Nb4+ 48. Kc3 Nc6 49. Kb2 a5 50. Ka3 Nb4 51. Ka4 c6 52. c5
bxc5 53. Kxa5 Rg2 54. Kb6 Rf2 55. Kc7 Rb2 56. Kb7 Rxb3 57. Kb6 c4 58. Kc7 c3
59. Kc8 c2 60. Kc7 Nd5+ 61. Kc8 Rb8+ 62. Kxb8 c5 63. Kc8 c4 64. Kb8 c3 65. Kc8
c1=Q 66. Kd8 Qe3 {Time forfeit} 0-1

[Event "Rated Blitz tournament QbLdbwuo"]
[Site "?"]
[Date "2021.04.24"]
[Round "?"]
[White "ljuks"]
[Black "gmmds2694"]
[Result "0-1"]
[WhiteElo "2401"]
[BlackElo "2588"]
[PlyCount "54"]
[EventDate "2021.??.??"]
[EventType "blitz"]

1. e4 e5 2. Nf3 d5 3. exd5 Bd6 4. d4 e4 5. Ne5 Nf6 6. c4 c5 7. Nc3 cxd4 8. Qxd4
Qe7 9. Bf4 Nh5 10. c5 Bxc5 11. Qxe4 Nxf4 12. Qxf4 f6 13. Bb5+ Nd7 14. O-O-O
fxe5 15. Qf3 a6 16. d6 Qf6 17. Nd5 Qxf3 18. gxf3 Kd8 19. Nc7 Rb8 20. Ne6+ Ke8
21. Bxd7+ Bxd7 22. Nxc5 Rc8 23. b4 b6 24. Rhe1 bxc5 25. Rxe5+ Kd8 26. bxc5 Re8
27. Rde1 Rxc5+ {Normal} 0-1

[Event "Rated Blitz game"]
[Site "?"]
[Date "2021.04.24"]
[Round "?"]
[White "Shevizuki"]
[Black "pasha1984"]
[Result "1-0"]
[WhiteElo "2410"]
[BlackElo "2424"]
[PlyCount "125"]
[EventDate "2021.??.??"]
[EventType "blitz"]

1. e4 e5 2. Nf3 d5 3. exd5 e4 4. Nd4 Nf6 5. Nb3 Nxd5 6. d4 Nc6 7. c4 Bb4+ 8.
Bd2 Bxd2+ 9. Qxd2 Nf6 10. d5 Ne5 11. h3 O-O 12. Nc3 c6 13. Be2 cxd5 14. cxd5
Bf5 15. Qf4 Nd3+ 16. Bxd3 exd3 17. Qxf5 Re8+ 18. Kd1 Qb6 19. Re1 a5 20. Rxe8+
Rxe8 21. Qxd3 Qxf2 22. Qd2 Qf1+ 23. Kc2 Qf5+ 24. Qd3 Qf2+ 25. Nd2 Qxg2 26. Rf1
Rd8 27. Qd4 Nxd5 28. Rg1 Nb4+ 29. Kc1 Nd3+ 30. Kb1 Rxd4 31. Rxg2 Nf4 32. Rf2
Nxh3 33. Re2 h6 34. Nb3 Rg4 35. Nxa5 Nf4 36. Re8+ Kh7 37. Re7 g6 38. Rxf7+ Kg8
39. Rxb7 Nd3 40. Nd5 h5 41. Nf6+ Kf8 42. Nxg4 hxg4 43. Nc4 Ne1 44. Ne3 g3 45.
Rb6 g2 46. Nxg2 Nxg2 47. Rxg6 Nf4 48. Rg3 Ke7 49. Rf3 Nd3 50. Rxd3 Ke6 51. Rc3
Ke5 52. Kc2 Kd4 53. a4 Kd5 54. a5 Kd4 55. a6 Kd5 56. a7 Ke5 57. a8=Q Kd4 58.
Qa4+ Ke5 59. Rb3 Kd6 60. Rb5 Kc6 61. Qa6+ Kc7 62. Rb7+ Kc8 63. Qa8# {Normal}
1-0

[Event "Rated Blitz game"]
[Site "?"]
[Date "2021.04.24"]
[Round "?"]
[White "TrickOrTreat"]
[Black "Erow"]
[Result "0-1"]
[WhiteElo "2570"]
[BlackElo "2656"]
[PlyCount "30"]
[EventDate "2021.??.??"]
[EventType "blitz"]

1. e4 e5 2. Nf3 d5 3. Nxe5 Bd6 4. d4 dxe4 5. Nc4 Nf6 6. Be2 O-O 7. O-O Re8 8.
Nxd6 Qxd6 9. c3 Nc6 10. Nd2 Bf5 11. Nc4 Qd7 12. Bg5 Nd5 13. Ne3 Bg6 14. Nxd5
Qxd5 15. Qb3 Qxg5 {Normal} 0-1

[Event "Rated Rapid game"]
[Site "?"]
[Date "2021.04.24"]
[Round "?"]
[White "Ifasji"]
[Black "Bauneuide"]
[Result "0-1"]
[WhiteElo "2239"]
[BlackElo "2422"]
[PlyCount "82"]
[EventDate "2021.??.??"]
[EventType "rapid"]

1. e4 e5 2. Nf3 d5 3. exd5 Qxd5 4. Nc3 Qe6 5. Qe2 Bd6 6. Qc4 Qxc4 7. Bxc4 Ne7
8. d3 Nbc6 9. Be3 Bg4 10. O-O-O a6 11. Ne4 Bxf3 12. gxf3 h6 13. Rhg1 g5 14.
Nf6+ Kf8 15. c3 Kg7 16. Nh5+ Kg6 17. Ng3 f5 18. Bd2 Rhf8 19. Kb1 Bc5 20. Be3
Bxe3 21. fxe3 f4 22. exf4 exf4 23. Ne4 Nf5 24. d4 Ne3 25. Bd3 Nxd1 26. Nc5+ Kh5
27. Rxd1 g4 28. fxg4+ Kh4 29. Rg1 f3 30. Ne4 Kh3 31. Nf2+ Kxh2 32. Re1 Kg2 33.
Ne4 f2 34. Bf1+ Kg1 35. Rd1 Rae8 36. g5 Rxe4 37. g6 Re1 38. Be2 f1=Q 39. Bxf1
Rxd1+ 40. Kc2 Rdxf1 41. g7 Rg8 {Normal} 0-1

[Event "Rated Blitz game"]
[Site "?"]
[Date "2021.04.24"]
[Round "?"]
[White "Inogamov_Nurbek"]
[Black "Mettigel"]
[Result "1-0"]
[WhiteElo "2385"]
[BlackElo "2467"]
[PlyCount "27"]
[EventDate "2021.??.??"]
[EventType "blitz"]

1. e4 e5 2. Nf3 d5 3. Nxe5 Bd6 4. d4 dxe4 5. f4 exf3 6. Nxf3 Nf6 7. Bd3 Qe7+ 8.
Be2 O-O 9. Bg5 Nc6 10. O-O h6 11. Bh4 Bg4 12. Nc3 Qe3+ 13. Kh1 Ne4 14. Nd5 {
Normal} 1-0

[Event "Rated Blitz game"]
[Site "?"]
[Date "2021.04.24"]
[Round "?"]
[White "Dede-Liu39"]
[Black "ieks"]
[Result "1-0"]
[WhiteElo "2516"]
[BlackElo "2394"]
[PlyCount "35"]
[EventDate "2021.??.??"]
[EventType "blitz"]

1. e4 e5 2. Nf3 d5 3. d4 dxe4 4. Nxe5 Bd6 5. Bf4 Nf6 6. Nc3 O-O 7. Bc4 Nbd7 8.
O-O c5 9. Nxf7 Rxf7 10. Bxd6 cxd4 11. Qxd4 Qe8 12. Rfe1 Nb6 13. Bxf7+ Qxf7 14.
Nxe4 Nxe4 15. Qxe4 Bf5 16. Qf3 Nc4 17. Re7 Nd2 18. Qxb7 {Normal} 1-0

[Event "Rated Blitz game"]
[Site "?"]
[Date "2021.04.24"]
[Round "?"]
[White "slipperyguy"]
[Black "pasha1984"]
[Result "0-1"]
[WhiteElo "2440"]
[BlackElo "2431"]
[PlyCount "22"]
[EventDate "2021.??.??"]
[EventType "blitz"]

1. e4 e5 2. Nf3 d5 3. Nxe5 dxe4 4. d4 Bd6 5. Nc3 Bxe5 6. dxe5 Qxd1+ 7. Kxd1 Nc6
8. Bb5 Bg4+ 9. Ke1 O-O-O 10. Bxc6 bxc6 11. Nxe4 Rd1# {Normal} 0-1

[Event "Rated Blitz game"]
[Site "?"]
[Date "2021.04.24"]
[Round "?"]
[White "sandi_s"]
[Black "magos33"]
[Result "0-1"]
[WhiteElo "2411"]
[BlackElo "2394"]
[PlyCount "40"]
[EventDate "2021.??.??"]
[EventType "blitz"]

1. e4 e5 2. Nf3 d5 3. Nxe5 Bd6 4. d4 dxe4 5. Bc4 Bxe5 6. dxe5 Qxd1+ 7. Kxd1 Nc6
8. Bf4 Nge7 9. Nc3 Bf5 10. Bb5 O-O-O+ 11. Kc1 a6 12. Bc4 Ng6 13. Bg3 Ngxe5 14.
Bb3 Bg6 15. Re1 f5 16. f3 exf3 17. Bxe5 f2 18. Be6+ Kb8 19. Bxc7+ Kxc7 20. Rf1
Rhe8 {Normal} 0-1

[Event "Rated Blitz game"]
[Site "?"]
[Date "2021.04.24"]
[Round "?"]
[White "Fairy_ChessPlayer"]
[Black "GrandeGila"]
[Result "0-1"]
[WhiteElo "2367"]
[BlackElo "2466"]
[PlyCount "106"]
[EventDate "2021.??.??"]
[EventType "blitz"]

1. e4 e5 2. Nf3 d5 3. exd5 e4 4. Qe2 Nf6 5. d3 Qxd5 6. Nbd2 Be7 7. dxe4 Qd8 8.
g3 O-O 9. Bg2 Re8 10. O-O Nc6 11. c3 Bg4 12. h3 Bh5 13. g4 Bg6 14. Nh4 Ne5 15.
Nxg6 hxg6 16. Nc4 Bc5 17. Bf4 Nxc4 18. Qxc4 Bb6 19. Rad1 Qe7 20. e5 Nh7 21.
Bxb7 Nf8 22. Bxa8 Rxa8 23. Qd5 Rb8 24. Bg3 Ne6 25. h4 Rd8 26. Qc6 Rxd1 27. Rxd1
Nf8 28. b3 Kh7 29. b4 a5 30. a3 axb4 31. axb4 Kh6 32. Kg2 Kh7 33. f3 Kh6 34.
Qe4 Qe6 35. Bf4+ Kh7 36. Qd5 Qe7 37. Bg5 f6 38. Bf4 Ne6 39. Bg3 g5 40. h5 Nf8
41. e6 Nxe6 42. Qe4+ Kg8 43. Re1 Kf7 44. Qg6+ Kf8 45. Re4 Qd7 46. Re2 Qe7 47.
h6 Nf4+ 48. Bxf4 Qxe2+ 49. Kh3 Qxf3+ 50. Bg3 Qf1+ 51. Kh2 Bg1+ 52. Kh1 Bf2+ 53.
Kh2 Qg1+ {Normal} 0-1

[Event "Rated Blitz game"]
[Site "?"]
[Date "2021.04.24"]
[Round "?"]
[White "sack11"]
[Black "Slimslik02"]
[Result "1-0"]
[WhiteElo "2438"]
[BlackElo "2330"]
[PlyCount "57"]
[EventDate "2021.??.??"]
[EventType "blitz"]

1. e4 e5 2. Nf3 d5 3. d4 dxe4 4. Nxe5 Bd6 5. Nc4 Nf6 6. Nc3 Be6 7. Bg5 h6 8.
Bh4 g5 9. Bg3 Bf5 10. Ne3 Bg6 11. Bc4 Nbd7 12. Bxd6 cxd6 13. Qe2 a6 14. Bb3 b5
15. O-O-O Nb6 16. Ncd5 Nbxd5 17. Nxd5 O-O 18. h4 Rc8 19. hxg5 Nxd5 20. Bxd5
Qxg5+ 21. Qe3 Qxd5 22. Qxh6 Rxc2+ 23. Kb1 Bh5 24. Rxh5 Qxh5 25. Qxh5 Rfc8 26.
Qg5+ Kf8 27. Rh1 Ke8 28. Rh8+ Kd7 29. Qf5+ {Normal} 1-0

[Event "Rated Blitz game"]
[Site "?"]
[Date "2021.04.24"]
[Round "?"]
[White "koromarbel"]
[Black "annaly1979"]
[Result "1-0"]
[WhiteElo "2398"]
[BlackElo "2415"]
[PlyCount "67"]
[EventDate "2021.??.??"]
[EventType "blitz"]

1. e4 e5 2. Nf3 d5 3. exd5 e4 4. Qe2 f5 5. d3 Nf6 6. Bg5 Be7 7. Bxf6 Bxf6 8.
dxe4 fxe4 9. Qxe4+ Kf7 10. Be2 Bxb2 11. c3 Bxa1 12. O-O Qf6 13. Bc4 Bf5 14. d6+
Kf8 15. Qxb7 g5 16. Qxa8 Kg7 17. dxc7 Na6 18. Qxa7 Nxc7 19. Qxc7+ Kh6 20. h4
gxh4 21. Qf4+ Kg7 22. Nxh4 Rf8 23. Nxf5+ Qxf5 24. Qxf5 Rxf5 25. Rc1 Rc5 26. Bb3
h5 27. f3 h4 28. Kf2 Kh6 29. Ke3 Kg5 30. Kd4 Rc7 31. Rc2 Kf4 32. Nd2 Rd7+ 33.
Bd5 Kg3 34. Nb3 {Normal} 1-0

[Event "Rated Blitz game"]
[Site "?"]
[Date "2021.04.24"]
[Round "?"]
[White "Crest32x2"]
[Black "annaly1979"]
[Result "0-1"]
[WhiteElo "2462"]
[BlackElo "2416"]
[PlyCount "56"]
[EventDate "2021.??.??"]
[EventType "blitz"]

1. e4 e5 2. Nf3 d5 3. exd5 e4 4. Nd4 c5 5. Nb3 f5 6. c4 Nf6 7. d3 Bd6 8. dxe4
fxe4 9. Be2 O-O 10. O-O Bf5 11. Bg5 Nbd7 12. Nc3 a6 13. Qc2 Qe8 14. Rae1 Qg6
15. Bxf6 Nxf6 16. Qd2 Bh3 17. g3 Rae8 18. Nd1 Nd7 19. Kh1 Bxf1 20. Bxf1 Ne5 21.
Bg2 Nf3 22. Bxf3 exf3 23. Ne3 Bf4 24. gxf4 Re4 25. f5 Qh5 26. Nxc5 Rh4 27. Nf1
Qg4 28. Ng3 Qh3 {Normal} 0-1

[Event "Rated Blitz game"]
[Site "?"]
[Date "2021.04.24"]
[Round "?"]
[White "ATCWannabeme"]
[Black "Gifroy"]
[Result "0-1"]
[WhiteElo "2411"]
[BlackElo "2428"]
[PlyCount "72"]
[EventDate "2021.??.??"]
[EventType "blitz"]

1. e4 e5 2. Nf3 d5 3. d4 dxe4 4. Nxe5 Bd6 5. Nc4 Be7 6. Nc3 Bf5 7. Ne3 Bg6 8.
Bc4 Nf6 9. g4 h6 10. Ned5 Nxd5 11. Bxd5 Nc6 12. Be3 Bb4 13. Bxc6+ bxc6 14. h4
h5 15. Qe2 Bxc3+ 16. bxc3 Qd7 17. Kd2 Qxg4 18. Qc4 Qd7 19. Rhg1 Qd5 20. Qa4 O-O
21. Rg5 Qe6 22. Rag1 Rfd8 23. Bf4 Rd5 24. Be5 c5 25. Ke3 cxd4+ 26. cxd4 c5 27.
c3 cxd4+ 28. cxd4 Rc8 29. Qb3 Qc6 30. Rxg6 fxg6 31. Kxe4 Rcd8 32. Rg3 Kh7 33.
Ke3 Qe6 34. Qd3 Rxe5+ 35. dxe5 Rxd3+ 36. Kxd3 Qxe5 {Normal} 0-1

[Event "Rated Blitz game"]
[Site "?"]
[Date "2021.04.23"]
[Round "?"]
[White "XocasLT"]
[Black "blastol"]
[Result "0-1"]
[WhiteElo "2488"]
[BlackElo "2375"]
[PlyCount "76"]
[EventDate "2021.??.??"]
[EventType "blitz"]

1. e4 e5 2. Nf3 d5 3. Nxe5 Bd6 4. Qh5 Qe7 5. d4 Nf6 6. Qxf7+ Qxf7 7. Nxf7 Kxf7
8. e5 Re8 9. Be2 Bxe5 10. dxe5 Rxe5 11. Bf4 Re7 12. Nc3 d4 13. Nb5 Na6 14. Nxd4
c5 15. Nf3 Nb4 16. Ne5+ Kg8 17. O-O-O Bf5 18. Bc4+ Kf8 19. c3 b5 20. cxb4 bxc4
21. bxc5 Rc8 22. Rhe1 Ne4 23. Rxe4 Bxe4 24. f3 Bf5 25. c6 h6 26. h4 Ke8 27. Rd4
Be6 28. Kd2 Rd8 29. Rxd8+ Kxd8 30. Kc3 Kc8 31. Nxc4 Bxc4 32. Kxc4 Re2 33. b4
Rxa2 34. g4 Ra3 35. Be5 Rxf3 36. g5 hxg5 37. hxg5 Rf5 38. Bxg7 Rxg5 {Time
forfeit} 0-1

[Event "Rated Blitz game"]
[Site "?"]
[Date "2021.04.23"]
[Round "?"]
[White "lastfight2008"]
[Black "pasha1984"]
[Result "1-0"]
[WhiteElo "2430"]
[BlackElo "2422"]
[PlyCount "73"]
[EventDate "2021.??.??"]
[EventType "blitz"]

1. e4 e5 2. Nf3 d5 3. exd5 e4 4. Ne5 Qxd5 5. d4 exd3 6. Nxd3 Bf5 7. Nc3 Qe6+ 8.
Be2 Nc6 9. Nf4 Qd7 10. Qxd7+ Bxd7 11. Be3 O-O-O 12. O-O-O Nf6 13. h3 Bb4 14.
Ncd5 Nxd5 15. Nxd5 Bd6 16. c4 a6 17. c5 Be5 18. b4 Be6 19. Bc4 Bxd5 20. Bxd5
Nxb4 21. Bxf7 Rhf8 22. Be6+ Kb8 23. a3 Nd3+ 24. Kc2 Nf4 25. Bxf4 Bxf4 26. c6
Rxd1 27. Rxd1 Rf6 28. Bd5 bxc6 29. Bf3 Bd6 30. a4 Rf4 31. Ra1 Ka7 32. a5 Bb4
33. Kb3 c5 34. Rc1 Rf5 35. Ka4 Bd2 36. Rd1 Bf4 37. Rd8 {Normal} 1-0

[Event "Rated Blitz game"]
[Site "?"]
[Date "2021.04.23"]
[Round "?"]
[White "Stealthx3d"]
[Black "KamranShirazi"]
[Result "0-1"]
[WhiteElo "2420"]
[BlackElo "2494"]
[PlyCount "34"]
[EventDate "2021.??.??"]
[EventType "blitz"]

1. e4 e5 2. Nf3 d5 3. exd5 e4 4. Nd4 Qxd5 5. Nb3 Bd6 6. Nc3 Qe5 7. Qe2 Bf5 8.
Nb5 Nc6 9. Nxd6+ cxd6 10. d3 exd3 11. Qxe5+ Nxe5 12. f4 Nc6 13. Bxd3 Bxd3 14.
cxd3 Nb4 15. Ke2 Kd7 16. Bd2 Re8+ 17. Be3 Nc2 {Normal} 0-1

[Event "Rated Blitz game"]
[Site "?"]
[Date "2021.04.23"]
[Round "?"]
[White "reyzandocam"]
[Black "pasha1984"]
[Result "1/2-1/2"]
[WhiteElo "2431"]
[BlackElo "2421"]
[PlyCount "146"]
[EventDate "2021.??.??"]
[EventType "blitz"]

1. e4 e5 2. Nf3 d5 3. Nc3 d4 4. Nb1 Bd6 5. Bc4 Qe7 6. O-O Be6 7. Bxe6 Qxe6 8.
d3 Ne7 9. Nbd2 Ng6 10. a4 Nd7 11. Nc4 Nb6 12. b3 Nxc4 13. bxc4 O-O 14. Rb1 b6
15. Re1 a5 16. g3 Bb4 17. Bd2 c5 18. Kg2 Qc6 19. Ra1 f6 20. h4 Ne7 21. Kg1 Qd7
22. Qe2 Nc6 23. Rf1 Bxd2 24. Nxd2 Nb4 25. Rfc1 Rf7 26. Kg2 Raf8 27. Nf3 Qg4 28.
Re1 Qd7 29. Nh2 Qc6 30. g4 f5 31. f3 fxg4 32. Nxg4 Qe6 33. Rf1 Rf4 34. h5 Qe7
35. Rf2 Qg5 36. Rh1 h6 37. Rh3 Na2 38. Rg3 Qxh5 39. Qf1 Nc3 40. Qh1 Qxh1+ 41.
Kxh1 Nd1 42. Rf1 Ne3 43. Nxe3 dxe3 44. Kg2 g5 45. Re1 g4 46. fxg4 Rf2+ 47. Kh3
Rxc2 48. Rexe3 Rff2 49. g5 Rh2+ 50. Kg4 h5+ 51. Kf5 Kg7 52. g6 h4 53. Rg5 Rcf2+
54. Kxe5 Rf6 55. Kd5 Rhf2 56. Rh3 Rxg6 57. Rxg6+ Kxg6 58. Rxh4 Rf3 59. Rg4+ Kh5
60. Rg8 Rxd3+ 61. Kc6 Rd4 62. Kxb6 Rxe4 63. Kxc5 Re3 64. Rd8 Ra3 65. Rd5+ Kg4
66. Kb5 Kf3 67. Kxa5 Rb3 68. c5 Rb2 69. c6 Ke4 70. Rc5 Kd4 71. c7 Rb8 72. c8=Q
Ra8+ 73. Qxa8 Kxc5 {Time forfeit} 1/2-1/2

[Event "Rated Blitz game"]
[Site "?"]
[Date "2021.04.23"]
[Round "?"]
[White "lederman"]
[Black "jsequera"]
[Result "1-0"]
[WhiteElo "2442"]
[BlackElo "2494"]
[PlyCount "41"]
[EventDate "2021.??.??"]
[EventType "blitz"]

1. e4 e5 2. Nf3 d5 3. exd5 e4 4. Qe2 f5 5. d3 Nf6 6. Nbd2 Be7 7. dxe4 fxe4 8.
Nxe4 O-O 9. Nc3 Bb4 10. Qc4 Nxd5 11. Bd2 Be6 12. O-O-O c6 13. Ng5 Bxc3 14. Nxe6
Bxb2+ 15. Kxb2 Qf6+ 16. Nd4 Nd7 17. Be3 N7b6 18. Qb3 c5 19. Bc4 cxd4 20. Bxd5+
Kh8 21. Bxd4 {Normal} 1-0

[Event "Rated Rapid game"]
[Site "?"]
[Date "2021.04.23"]
[Round "?"]
[White "Mehdaoui"]
[Black "Bauneuide"]
[Result "0-1"]
[WhiteElo "2250"]
[BlackElo "2415"]
[PlyCount "76"]
[EventDate "2021.??.??"]
[EventType "rapid"]

1. e4 e5 2. Nf3 d5 3. exd5 Qxd5 4. Nc3 Qe6 5. d4 exd4+ 6. Ne2 c5 7. c3 dxc3 8.
bxc3 Nc6 9. Be3 Bd6 10. Ng3 Nf6 11. Ng5 Qe5 12. Rc1 Be7 13. Bb5 h6 14. Bxc6+
bxc6 15. Nf3 Qb8 16. Qa4 Qb5 17. Qc2 Qc4 18. Nd2 Qa6 19. c4 Ng4 20. Qe4 Be6 21.
Bf4 Nf6 22. Qe3 Qxa2 23. Nge4 Qb2 24. O-O O-O 25. Nxc5 Ng4 26. Qg3 Bxc5 27. Ne4
Bd4 28. h3 Nf6 29. Nxf6+ Bxf6 30. Bxh6 Rfd8 31. Bf4 a5 32. h4 a4 33. h5 a3 34.
h6 a2 35. Ra1 Qxa1 36. Rxa1 Bxa1 37. Be5 Bxe5 38. Qxe5 a1=Q+ {Normal} 0-1

[Event "Rated Blitz game"]
[Site "?"]
[Date "2021.04.23"]
[Round "?"]
[White "KoronaVirusMaster"]
[Black "barbus89"]
[Result "1-0"]
[WhiteElo "2407"]
[BlackElo "2463"]
[PlyCount "59"]
[EventDate "2021.??.??"]
[EventType "blitz"]

1. e4 e5 2. Nf3 d5 3. exd5 e4 4. Qe2 Nf6 5. Nc3 Be7 6. Nxe4 O-O 7. Nxf6+ Bxf6
8. Qd1 Re8+ 9. Be2 Qe7 10. d3 c6 11. dxc6 Nxc6 12. c3 Bg4 13. Be3 Rad8 14. O-O
h5 15. Re1 h4 16. h3 Bh5 17. d4 Qd7 18. Nh2 Bg6 19. Bg4 Qd5 20. Bf3 Qa5 21. Ng4
Bg5 22. b4 Qf5 23. Qd2 Bf6 24. Nxf6+ gxf6 25. Bf4 Kh7 26. a3 Re6 27. Bg4 Rxe1+
28. Rxe1 Qb5 29. Bc7 Rd7 30. Bxd7 {Normal} 1-0

[Event "Rated Blitz game"]
[Site "?"]
[Date "2021.04.23"]
[Round "?"]
[White "RaffaelloSanti"]
[Black "Rusert"]
[Result "1-0"]
[WhiteElo "2566"]
[BlackElo "2479"]
[PlyCount "69"]
[EventDate "2021.??.??"]
[EventType "blitz"]

1. e4 e5 2. Nf3 d5 3. d3 dxe4 4. dxe4 Qxd1+ 5. Kxd1 Bg4 6. Be2 Nc6 7. c3 O-O-O+
8. Nfd2 Nf6 9. Bxg4+ Nxg4 10. Ke2 Bc5 11. Nb3 Nxf2 12. Nxc5 Nxh1 13. Be3 Rd6
14. Na3 Rg6 15. Kf3 Rf8 16. Rxh1 f5 17. Rg1 b6 18. Nb3 fxe4+ 19. Ke2 h5 20. Nd2
Ne7 21. Nxe4 Nf5 22. Bf2 Rg4 23. Nd2 Rf4 24. Be1 b5 25. Nc2 c5 26. g3 Ra4 27.
a3 g6 28. b3 Ra6 29. Ne4 Rc6 30. Bf2 c4 31. b4 a6 32. a4 bxa4 33. Ra1 Nd6 34.
Nxd6+ Rxd6 35. Bc5 {Normal} 1-0